|
|
|
|
| LEADER |
01637nam a2200433 a 4500 |
| 001 |
EBC835551 |
| 003 |
MiAaPQ |
| 005 |
20200520144314.0 |
| 006 |
m o d | |
| 007 |
cr cn||||||||| |
| 008 |
110916s2012 enk sb 001 0 eng d |
| 010 |
|
|
|z 2011038353
|
| 020 |
|
|
|z 9781444361476 (pbk.)
|
| 020 |
|
|
|a 9781444362336 (electronic bk.)
|
| 035 |
|
|
|a (MiAaPQ)EBC835551
|
| 035 |
|
|
|a (Au-PeEL)EBL835551
|
| 035 |
|
|
|a (CaPaEBR)ebr10526635
|
| 035 |
|
|
|a (CaONFJC)MIL342655
|
| 035 |
|
|
|a (OCoLC)772845298
|
| 040 |
|
|
|a MiAaPQ
|c MiAaPQ
|d MiAaPQ
|
| 050 |
|
4 |
|a HN18.3
|b .T54 2012
|
| 082 |
0 |
4 |
|a 361.6/5
|2 23
|
| 245 |
0 |
4 |
|a The times they are changing?
|h [electronic resource] :
|b crisis and the welfare state /
|c edited by Bent Greve.
|
| 260 |
|
|
|a Chichester, West Sussex ;
|a Malden, Mass. :
|b Wiley-Blackwell,
|c 2012.
|
| 300 |
|
|
|a 182 p.
|
| 490 |
1 |
|
|a Broadening perspectives on social policy
|
| 500 |
|
|
|a "Originally published as Volume 45, Issue 4 of Social Policy & Administration."
|
| 504 |
|
|
|a Includes bibliographical references and index.
|
| 533 |
|
|
|a Electronic reproduction. Ann Arbor, MI : ProQuest, 2015. Available via World Wide Web. Access may be limited to ProQuest affiliated libraries.
|
| 650 |
|
0 |
|a Social policy.
|
| 650 |
|
0 |
|a Financial crises.
|
| 650 |
|
0 |
|a Public welfare.
|
| 650 |
|
0 |
|a Welfare state.
|
| 655 |
|
4 |
|a Electronic books.
|
| 700 |
1 |
|
|a Greve, Bent.
|
| 710 |
2 |
|
|a ProQuest (Firm)
|
| 730 |
0 |
|
|a Social policy & administration.
|
| 830 |
|
0 |
|a Broadening perspectives on social policy.
|
| 856 |
4 |
0 |
|u https://ebookcentral.proquest.com/lib/matrademy/detail.action?docID=835551
|z Click to View
|